| 000 | 01082pam a2200277 a 4500 | ||
|---|---|---|---|
| 001 | 4981855 | ||
| 005 | 20230714150011.0 | ||
| 008 | 980925s1999 flua b 001 0 eng | ||
| 010 | _a 98043262 | ||
| 020 | _a0849303893 (alk. paper) | ||
| 040 |
_aDLC _cDLC _dDLC |
||
| 050 | 0 | 0 | _aHD 7105.2 .H3 1999 |
| 082 | 0 | 0 |
_a368.38/601 _221 |
| 100 | 1 |
_aHaberman, Steven, _d1951- |
|
| 245 | 1 | 0 |
_aActuarial models for disability insurance / _cS. Haberman, E. Pitacco. |
| 260 |
_aBoca Raton, FL : _bChapman & Hall, _cc1999. |
||
| 300 |
_axviii, 280 p. : _bill. : _c24 cm. |
||
| 504 | _aIncludes bibliographical references (p. [265]-274) and index. | ||
| 650 | 0 |
_aDisability insurance _xStatistical methods. |
|
| 650 | 0 | _aActuarial science. | |
| 700 | 1 | _aPitacco, Ermanno. | |
| 856 | 4 | 2 |
_3Publisher description _uhttp://www.loc.gov/catdir/enhancements/fy0744/98043262-d.html |
| 906 |
_a7 _bcbc _corignew _d1 _eocip _f19 _gy-gencatlg |
||
| 942 |
_2lcc _cBOOKS _hHD 7105.2 .H3 1999 |
||
| 999 |
_c31656 _d31656 |
||